| 000 | 00000nam##2200000za#4500 |
| 001 | 9.603307 |
| 003 | CaOODSP |
| 005 | 20210624211019 |
| 007 | cr ||||||||||| |
| 008 | 150406|2003||||xxc|||||o f|0| 0 fre|d |
| 040 | |aCaOODSP|bfre |
| 043 | |an-cn--- |
| 086 | 1 |aBT31-4/57-2003F-PDF |
| 110 | 1 |aCanada. |bConseil du trésor. |
| 245 | 10|aBureau du vérificateur général du Canada - rapport sur le rendement pour l'exercice se terminant le 31 mars 2003 |h[ressource électronique] |
| 260 | |bSecrétariat du Conseil du Trésor du Canada |c2003. |
| 300 | |a90p.|bfigure, graphiques, organigramme, tableaux, photographies |
| 490 | 1 |aRapport sur le rendement pour la période se terminant le 31 mars 2003 |
| 590 | |a12-06-Supp|b2012-03-07 |
| 775 | 08|tOffice of the Auditor General of Canada, performance report for the period ending March 31, 2003 |w(CaOODSP)9.573080 |
| 776 | 0#|tOffice of the Auditor General of Canada |w(CaOODSP)9.538442 |
| 776 | 0#|tBureau du vérificateur général du Canada |w(CaOODSP)9.538443 |
| 830 | #0|aRapport sur le rendement pour la période se terminant le 31 mars 2003.|w(CaOODSP)9.501309 |
| 856 | 40|ahttp://publications.gc.ca|qPDF|s1.26 Mo|uhttps://publications.gc.ca/collections/collection_2012/sct-tbs/BT31-4-57-2003-fra.pdf |